000 00652nam a2200193 a 4500
001 BRCA_1219
005 20190320203331.0
008 290705s1992----mx-#---###---#000-0#spa-d
020 _a9686084630
050 4 _aN7914
_b.P75 1992
245 1 0 _aPrimer Simposio Internacional de Arte Sacro en México.
260 _aMéxico
_bComisión Nacional de Arte Sacro
_c1992
300 _a423 p.
_c23 cm.
500 _aPrimer Simposio Internacional de Arte Sacro, realizado en México, 24-28 febrero, 1992
504 _aBibliografía : p. 402
650 1 4 _aArte cristiano y simbolismo
_zMéxico
_942
650 1 4 _aArte cristiano
_zMéxico
_94004
942 _2lcc
_cB
999 _c1091
_d1091